000 00308nam a22001217a 4500
082 _a200
_bNAN/B
100 _aNANJIO, SIKSHANANDA
245 _aTHE BUDDHABHASITA DASABHADRA KARMAMARGA SUTRA
260 _aTAIWAN
_bTHE BUDDHA EDUCATIONAL FOUNDATION
300 _a32
650 _aSPIRITUAL
_zTAIWAN
942 _cBK
999 _c4705
_d4705